000 00719nam a22002297a 4500
005 20170124110040.0
010 _a857073
020 _c00.00
035 _a857073
037 _bCen Lib/Ret
040 _aDPL
_bEN
082 _a883.08
_bSIN
100 _aSingh, R.S.
_923499
245 _aIndian novel in english :
_cby R.S.Singh
_ba critical study /
260 _bArnold-Heinemann Publishers
_c1977
_aDelhi
270 _aAB/9 Safdarjang Enclave
_bDelhi
_e110016
300 _a206p.
_c19cm(Hb)
500 _aIncludes bibliographical references
650 _aIndic fiction (English) -- History and criticism
_923500
650 _aIndic fiction (English)
_96137
942 _2ddc
_cEN
_h883.08
_mSIN
999 _c128470
_d128470